000 00453nam a2200169Ia 4500
008 131103s9999 xx 000 0 und d
020 _a818710726X
040 _aLoreto College
041 _aEnglish
082 _aREF/954/IND
_bLCBED/14951
245 _aIndia
_b colours and shadows of spirituality
260 _aDelhi
_bOm Books International
300 _a128p.
_c 25cm.
650 _aIndian culture
850 _aLCBED/REF/954/IND
942 _cBK
999 _c38741
_d89220